[Event "Championnat de France des Jeunes - Minim"]
[Site "LE GRAND BORNAND"]
[Date "2007.04.10"]
[Round "4.11"]
[White "Lepot, Simon"]
[Black "Iellatchitch, Alexandre"]
[Result "1-0"]
[WhiteElo "1946"]
[BlackElo "2055"]
[PlyCount "47"]

1. e4 e6 2. d4 d5 3. e5 c5 4. Nf3 Qb6 5. Bd3 Nc6 6. O-O cxd4 7. Nbd2 Bd7 8. Nb3
Nge7 9. Bf4 Ng6 10. Bg3 Be7 11. Re1 O-O 12. h4 Bb4 13. h5 Bxe1 14. hxg6 Bxf2+
15. Bxf2 hxg6 16. Qd2 Qc7 17. Qg5 Qd8 18. Qg4 Nb4 19. Bh4 Qc7 20. Rc1 Ba4 21.
Bf6 gxf6 22. exf6 Rfc8 23. Qh4 Qd8 24. Rf1 1-0

[Event "Championnat de France des Jeunes - Minim"]
[Site "LE GRAND BORNAND"]
[Date "2007.04.10"]
[Round "4.12"]
[White "Lograda, Alexis"]
[Black "Mahiouz, Oualid"]
[Result "0-1"]
[WhiteElo "2052"]
[BlackElo "1943"]
[PlyCount "92"]

1. e4 c5 2. Nf3 e6 3. d4 cxd4 4. Nxd4 Nc6 5. g3 a6 6. Bg2 Qc7 7. O-O b5 8. Re1
Nf6 9. Nc3 Nxd4 10. e5 Nc6 11. exf6 gxf6 12. Bf4 Qd8 13. Nd5 Ra7 14. Nxf6+ Qxf6
15. Bxc6 dxc6 16. Be5 Qf5 17. Bxh8 f6 18. Re3 Rd7 19. Qf3 Qxf3 20. Rxf3 Rd2 21.
Bxf6 Rxc2 22. Rd1 Be7 23. Be5 c5 24. Rfd3 Re2 25. Re3 Rc2 26. Red3 Bb7 27. R3d2
Rc4 28. b3 Re4 29. Bd6 Bd5 30. Bxe7 Kxe7 31. Kf1 Rg4 32. h3 Rg6 33. Re1 Kd6 34.
Re3 h6 35. Ke1 c4 36. b4 Kc6 37. a3 Kd6 38. f4 h5 39. Re5 Rxg3 40. Rxh5 Rxa3
41. f5 c3 42. Rc2 exf5 43. Rxf5 Be4 44. Rcf2 Ra1+ 45. Ke2 Bxf5 46. Rxf5 c2 0-1

[Event "Championnat de France des Jeunes - Minim"]
[Site "LE GRAND BORNAND"]
[Date "2007.04.10"]
[Round "4.13"]
[White "Casier, Remi"]
[Black "Gabard, Alexandre"]
[Result "1/2-1/2"]
[WhiteElo "1867"]
[BlackElo "2041"]
[PlyCount "175"]

1. e4 e6 2. d4 d5 3. Nd2 Nf6 4. e5 Nfd7 5. Bd3 c5 6. c3 Nc6 7. Ne2 Qb6 8. Nf3
cxd4 9. cxd4 Bb4+ 10. Bd2 Bxd2+ 11. Qxd2 Qb4 12. O-O Qxd2 13. Nxd2 Nb4 14. Bb1
Nb6 15. a3 Nc6 16. Bd3 Bd7 17. b4 Rc8 18. Nb3 O-O 19. Nc5 Rc7 20. Rac1 Rfc8 21.
Rc2 Nd8 22. Rfc1 Be8 23. Nc3 Nc4 24. Bxc4 dxc4 25. N5e4 Bc6 26. Nd6 Rb8 27.
Ncb5 Rd7 28. Rxc4 Bxb5 29. Nxb5 Nc6 30. Nd6 f6 31. f4 Ne7 32. g3 h6 33. Rc7
Rxc7 34. Rxc7 Nc6 35. Nxb7 Nxd4 36. exf6 gxf6 37. Nd6 a6 38. Ne4 Rf8 39. a4 e5
40. fxe5 fxe5 41. Kg2 Rf3 42. b5 axb5 43. axb5 Rb3 44. Nf6+ Kf8 45. b6 Ne6 46.
Ra7 Nc5 47. Ne4 Rb2+ 48. Kf1 Rb1+ 49. Ke2 Rxb6 50. Nxc5 Rb2+ 51. Kf3 Rxh2 52.
Nd7+ Ke7 53. Nxe5+ Ke6 54. Ng4 Rh1 55. Nxh6 Kf6 56. Ng4+ Kg5 57. Ra5+ Kg6 58.
Nf2 Rb1 59. Re5 Rb3+ 60. Kf4 Rb2 61. Ne4 Rb1 62. Rg5+ Kf7 63. Rf5+ Kg6 64. Rf6+
Kg7 65. Kg5 Rb5+ 66. Rf5 Rb4 67. Nf6 Rb7 68. g4 Ra7 69. Nh5+ Kh7 70. Nf4 Ra2
71. Nd5 Kg7 72. Nc7 Kh7 73. Ne8 Ra6 74. Nf6+ Kg7 75. Nh5+ Kh7 76. Ng3 Kg7 77.
Rf6 Ra4 78. Nf5+ Kh7 79. Rh6+ Kg8 80. Rd6 Kf7 81. Kh5 Ra5 82. Kg5 Ra4 83. Rd7+
Kg8 84. Nh6+ Kh8 85. Kg6 Ra6+ 86. Kh5 Ra5+ 87. g5 Rxg5+ 88. Kh4 1/2-1/2

[Event "Championnat de France des Jeunes - Minim"]
[Site "LE GRAND BORNAND"]
[Date "2007.04.10"]
[Round "4.14"]
[White "Hoareau, William"]
[Black "Hutois, Mickael"]
[Result "1-0"]
[WhiteElo "2012"]
[BlackElo "1935"]
[PlyCount "93"]

1. d4 d5 2. c4 e6 3. Nf3 Nf6 4. g3 Be7 5. Bg2 Nbd7 6. O-O O-O 7. Nc3 b6 8. cxd5
exd5 9. Bf4 Bb7 10. Rc1 Nh5 11. Bxc7 Qxc7 12. Nxd5 Qd6 13. Nxe7+ Qxe7 14. Rc7
Bc8 15. Ne5 Qd6 16. Qc2 Rb8 17. Nc6 Ba6 18. Nxb8 Nxb8 19. Rd1 Bxe2 20. Qxe2
Qxc7 21. Qxh5 Qc2 22. Re1 Qxb2 23. Bd5 g6 24. Qe5 a5 25. h4 Qb4 26. h5 Nd7 27.
Qe7 Qxe7 28. Rxe7 Nf6 29. Bb3 Nxh5 30. Rb7 Ng7 31. Rxb6 Ra8 32. Rb7 Ne6 33. Rd7
a4 34. Bd5 Rb8 35. Bc6 Rb4 36. d5 Nc5 37. Ra7 Rb2 38. d6 Rd2 39. d7 Kg7 40. Ra8
Ne6 41. Rxa4 Kf6 42. Ra8 Rd6 43. Bb5 Rd5 44. a4 Ke5 45. Rb8 f5 46. Re8 Kf6 47.
Rxe6+ 1-0

[Event "Championnat de France des Jeunes - Minim"]
[Site "LE GRAND BORNAND"]
[Date "2007.04.10"]
[Round "4.15"]
[White "Chretien, Antonin"]
[Black "Lallement, Victor"]
[Result "0-1"]
[WhiteElo "1932"]
[BlackElo "2005"]
[PlyCount "80"]

1. d4 Nf6 2. c4 c5 3. d5 b5 4. Nf3 g6 5. cxb5 a6 6. Nc3 axb5 7. e4 b4 8. Nb5 d6
9. Bc4 Bg7 10. O-O O-O 11. Re1 Nbd7 12. Bg5 Nb6 13. Bf1 Nfd7 14. Qd2 Re8 15.
Nxd6 Rf8 16. Nxc8 Nxc8 17. Bh6 Ncb6 18. Bxg7 Kxg7 19. b3 Ra3 20. Bb5 Qc7 21. e5
Rfa8 22. d6 exd6 23. exd6 Qa7 24. Qb2+ Kg8 25. Re7 c4 26. Ne5 Rxa2 27. Rxa2
Qxa2 28. Qxa2 Rxa2 29. h4 Nxe5 30. Rxe5 cxb3 31. Bd3 Rd2 32. Be4 Rxd6 33. Rb5
Rd4 34. f3 b2 35. Bc2 Nc4 36. h5 Kg7 37. hxg6 hxg6 38. Kf2 Rd2+ 39. Ke1 Rxc2
40. Rxb4 Rc1+ 0-1

[Event "Championnat de France des Jeunes - Minimettes"]
[Site "LE GRAND BORNAND"]
[Date ""]
[Round "4.1"]
[White "Fernandez, Laura"]
[Black "Forestier, Carole"]
[Result "1-0"]
[WhiteElo "2049"]
[BlackElo "1891"]
[Annotator ""]

1. e4 e6 2. Nf3 d5 3. Nc3 Nf6 4. e5 Nfd7 5. d4 c5 6. dxc5 Nc6 7. Bf4
Nxc5 8. a3 Be7 9. Bb5 O-O 10. O-O f6 11. Bxc6 bxc6 12. Nd4 Bd7 13. Qg4
fxe5 14. Bxe5 Bf6 15. Nf3 Qe7 16. Rab1 Be8 17. b4 Nd7 18. Rbe1 Rc8 19.
Bxf6 Rxf6 20. b5 Qxa3 21. bxc6 Qxc3 22. cxd7 Bxd7 23. Ne5 Bb5 24. Nd3
Qxc2 25. Rc1 Rc4 26. Qg3 Qe2 27. Rce1 Qc2 28. Rc1 Qa4 29. Ra1 Qc2 30.
Rxa7 Rf7 31. Rxf7 Kxf7 32. Ne5+ Kg8 33. Nxc4 Qxc4 34. Rb1 Qc8 35. h3
Qe8 36. Qd6 Kf7 37. Rb3 Kg8 1-0

[Event "Championnat de France des Jeunes - Minim"]
[Site "LE GRAND BORNAND"]
[Date "????.??.??"]
[Round "4.2"]
[White "Forgues, Valerie"]
[Black "Richard, Emma"]
[Result "1/2-1/2"]
[WhiteElo "1957"]
[BlackElo "2004"]
[PlyCount "88"]

1. e4 c5 2. Nf3 e6 3. d4 cxd4 4. Nxd4 a6 5. Be3 Nf6 6. Bd3 Qc7 7. O-O Nc6 8.
Nc3 Ne5 9. h3 Bc5 10. Kh1 d6 11. Qc1 Bd7 12. Nb3 Bxe3 13. Qxe3 O-O 14. f4 Ng6
15. Rad1 Bc6 16. Nd4 Qb6 17. Rb1 Nxf4 18. Rxf4 e5 19. Rxf6 exd4 20. Qg3 dxc3
21. b3 Rfd8 22. Rxd6 Rxd6 23. Qxd6 Qa5 24. a4 Qg5 25. Rf1 Rd8 26. Qf4 Qxf4 27.
Rxf4 Kf8 28. Kh2 Rd4 29. Rf3 b5 30. axb5 axb5 31. Kg3 b4 32. Re3 Ke7 33. Kf4
Kf6 34. Rf3 Ke6 35. Ke3 Rd7 36. Bc4+ Ke5 37. Rf5+ Kd6 38. Rxf7 Rxf7 39. Bxf7
Ke5 40. Bd5 Bxd5 41. exd5 Kxd5 42. Kd3 g5 43. g3 h5 44. h4 g4 1/2-1/2

[Event "Championnat de France des Jeunes - Minim"]
[Site "LE GRAND BORNAND"]
[Date "????.??.??"]
[Round "4.3"]
[White "Yuen, Wing-Yan"]
[Black "Bomba, Melody"]
[Result "0-1"]
[WhiteElo "1810"]
[BlackElo "1790"]
[PlyCount "62"]

1. e4 e5 2. Nf3 Nc6 3. Bb5 f5 4. d4 fxe4 5. Nxe5 Nxe5 6. dxe5 c6 7. Bc4 Qa5+ 8.
Nc3 Qxe5 9. O-O Nf6 10. Re1 d5 11. Bd3 Bc5 12. Na4 Bxf2+ 13. Kxf2 Ng4+ 14. Ke2
O-O 15. Rf1 exd3+ 16. Kxd3 Bf5+ 17. Rxf5 Qxf5+ 18. Kc3 Nf2 19. Qd4 Ne4+ 20. Kb3
b5 21. Nc5 a5 22. Nxe4 dxe4 23. Be3 Rfd8 24. Qb6 Qd5+ 25. Ka3 b4+ 26. Ka4 Qc4
27. b3 Qxc2 28. Bd4 Qd3 29. Be5 Qb5+ 30. Qxb5 cxb5+ 31. Kxb5 Rd5+ 0-1

[Event "Championnat de France des Jeunes - Minim"]
[Site "LE GRAND BORNAND"]
[Date "????.??.??"]
[Round "4.4"]
[White "Genzling, Sylvie"]
[Black "Cechetto, Lea"]
[Result "1-0"]
[WhiteElo "1914"]
[BlackElo "1770"]
[PlyCount "67"]

1. e4 e5 2. d4 exd4 3. Qxd4 Nc6 4. Qe3 b6 5. Nc3 Bc5 6. Qg3 g6 7. Bf4 d6 8.
O-O-O Nf6 9. Be2 Bb7 10. e5 Nd7 11. exd6 cxd6 12. Bxd6 Bxd6 13. Qxd6 Qe7 14.
Nb5 Rd8 15. Qxe7+ Kxe7 16. Nf3 Nc5 17. Nc3 Rhe8 18. a3 Ne6 19. Nd5+ Kf8 20. Bc4
Na5 21. Ba2 Bxd5 22. Rxd5 Rxd5 23. Bxd5 Nf4 24. Rd1 Rd8 25. c4 b5 26. g3 Nh3
27. cxb5 Nxf2 28. Rd2 Ng4 29. b4 Ne3 30. bxa5 Rxd5 31. Rxd5 Nxd5 32. Kc2 Ke7
33. Ne5 Nc7 34. Nc6+ 1-0

[Event "Championnat de France des Jeunes - Minim"]
[Site "LE GRAND BORNAND"]
[Date "????.??.??"]
[Round "4.5"]
[White "Hourlier, Claire"]
[Black "Jeannerot, Lea"]
[Result "1/2-1/2"]
[WhiteElo "1800"]
[BlackElo "1920"]
[PlyCount "82"]

1. e4 e5 2. Nf3 Nc6 3. Bc4 Bc5 4. O-O Nf6 5. d3 d6 6. Be3 Bb6 7. c3 O-O 8. h3
h6 9. Nbd2 Re8 10. Qc2 Bd7 11. d4 exd4 12. cxd4 Qe7 13. Rfe1 Qf8 14. Nh4 Kh8
15. Qd3 Na5 16. b3 Nxc4 17. bxc4 Ba5 18. Re2 Bxd2 19. Bxd2 Rad8 20. Qf3 Nh7 21.
Qb3 b6 22. f4 Qe7 23. Nf3 Qf6 24. e5 Qg6 25. Kh1 dxe5 26. fxe5 Ng5 27. Nxg5
hxg5 28. Rae1 Qh5 29. Kg1 g4 30. hxg4 Bxg4 31. Re4 Re6 32. Rf1 Rg6 33. Kf2 Qh4+
34. g3 Qh2+ 35. Ke1 Rxd4 36. Qe3 Rxe4 37. Qxe4 Qxg3+ 38. Rf2 Qg1+ 39. Rf1 Qg3+
40. Rf2 Qg1+ 41. Rf1 Qg3+ 1/2-1/2

[Event "Championnat de France des Jeunes - Minim"]
[Site "LE GRAND BORNAND"]
[Date "????.??.??"]
[Round "4.6"]
[White "Klipper, Noemie"]
[Black "Schlaeppi, Coralie"]
[Result "1-0"]
[WhiteElo "1877"]
[BlackElo "1710"]
[PlyCount "37"]

1. d4 d5 2. Nf3 Nc6 3. c4 e6 4. Bf4 Bd6 5. Bg3 Nf6 6. Nc3 Bb4 7. e3 Ne4 8. Qc2
Bd7 9. Bd3 Nxg3 10. hxg3 h6 11. g4 g5 12. Rh5 Qf6 13. O-O-O dxc4 14. Bxc4 Na5
15. Bd3 Rc8 16. Kb1 c5 17. Ne4 Qe7 18. dxc5 Bxc5 19. Qc3 1-0

[Event "Championnat de France des Jeunes - Minim"]
[Site "LE GRAND BORNAND"]
[Date "????.??.??"]
[Round "4.7"]
[White "Macarry, Elodie"]
[Black "Lefebvre, Stephane"]
[Result "1-0"]
[WhiteElo "1819"]
[BlackElo "1716"]
[PlyCount "33"]

1. d4 d5 2. Nf3 e6 3. e3 Nf6 4. Bd3 Be7 5. Nbd2 O-O 6. b3 c5 7. Bb2 Nc6 8. a3
Re8 9. O-O cxd4 10. exd4 Bd6 11. Ne5 Qe7 12. f4 Bxe5 13. fxe5 Nd7 14. Rf4 f6
15. Qh5 g6 16. Rg4 Qg7 17. Bxg6 1-0

[Event "Championnat de France des Jeunes - Minim"]
[Site "LE GRAND BORNAND"]
[Date "????.??.??"]
[Round "4.8"]
[White "Rodange, Barbara"]
[Black "Bismuth, Sarah"]
[Result "1/2-1/2"]
[WhiteElo "1710"]
[BlackElo "1815"]
[PlyCount "93"]

1. d4 Nf6 2. Nf3 e6 3. g3 b6 4. Bg2 Bb7 5. Bg5 h6 6. Bf4 Be7 7. O-O O-O 8. c4
d5 9. Nbd2 Nbd7 10. Rc1 c5 11. Nb3 Rc8 12. Ne5 Ba8 13. Qd2 Nxe5 14. Bxe5 dxc4
15. Bxa8 Rxa8 16. Rxc4 Qd5 17. Rfc1 Ne4 18. Qd1 b5 19. R4c2 c4 20. Nd2 Ng5 21.
Nf3 f6 22. Nxg5 hxg5 23. Bc7 Rac8 24. e4 Qb7 25. Ba5 b4 26. a3 bxa3 27. bxa3
Qxe4 28. Rxc4 Rxc4 29. Rxc4 Rb8 30. Bb4 a5 31. Bxe7 e5 32. Bc5 Rb1 33. Rc1 Rxc1
34. Qxc1 exd4 35. Qd1 d3 36. Be3 Kh7 37. Qd2 Qd5 38. Bb6 a4 39. Be3 Qb3 40. Qb4
Qd1+ 41. Kg2 g4 42. Qe4+ Kg8 43. h3 gxh3+ 44. Kxh3 Qf1+ 45. Qg2 Qd1 46. Qd5+
Kh8 47. Qa8+ 1/2-1/2

[Event "Championnat de France des Jeunes - Minim"]
[Site "LE GRAND BORNAND"]
[Date "????.??.??"]
[Round "4.9"]
[White "Vinckier, Delphine"]
[Black "Rambourg, Juliette"]
[Result "1-0"]
[WhiteElo "1630"]
[BlackElo "1809"]
[PlyCount "57"]

1. e4 d5 2. exd5 Qxd5 3. Nc3 Qa5 4. d4 Nf6 5. Nf3 Nc6 6. Bb5 Nd5 7. Qd3 Nxc3 8.
bxc3 a6 9. Bxc6+ bxc6 10. Ne5 Qd5 11. O-O f6 12. c4 Qe6 13. Nf3 Qf7 14. Re1 Be6
15. Qe4 Bd7 16. Ba3 e6 17. Bxf8 Kxf8 18. Rab1 Qh5 19. Rb7 Qa5 20. Kf1 Qxa2 21.
d5 cxd5 22. cxd5 Bb5+ 23. Kg1 Qxd5 24. Qxd5 exd5 25. Rxc7 a5 26. Nd4 Rb8 27.
Nxb5 Rxb5 28. Rc8+ Kf7 29. Rxh8 1-0

[Event "Championnat de France des Jeunes - Minim"]
[Site "LE GRAND BORNAND"]
[Date "????.??.??"]
[Round "4.10"]
[White "Peyre, Camille"]
[Black "Burel, Gwenaelle"]
[Result "1-0"]
[WhiteElo "1785"]
[BlackElo "1642"]
[PlyCount "47"]

1. d4 Nf6 2. Bg5 e6 3. e4 h6 4. Bxf6 Qxf6 5. Nc3 Bb4 6. Qd2 O-O 7. Nf3 d6 8. e5
dxe5 9. dxe5 Qd8 10. Bd3 Nc6 11. O-O-O Qe7 12. a3 Ba5 13. Be4 Rd8 14. Qe3 Bb6
15. Qe2 Nd4 16. Nxd4 Rxd4 17. Rd3 Rb8 18. Rhd1 Rxd3 19. Qxd3 Kf8 20. f4 a6 21.
Bf3 g6 22. Ne4 Ba7 23. Nf6 b5 24. Qd8+ 1-0

[Event "Championnat de France des Jeunes - Minim"]
[Site "LE GRAND BORNAND"]
[Date "????.??.??"]
[Round "4.11"]
[White "Leriquier, Claire"]
[Black "Martin, Nadine"]
[Result "1/2-1/2"]
[WhiteElo "1770"]
[BlackElo "1640"]
[PlyCount "76"]

1. f4 d5 2. Nf3 Nc6 3. g3 g6 4. Bg2 Bg7 5. O-O Nf6 6. d3 O-O 7. c3 Re8 8. Qe1
e5 9. fxe5 Nxe5 10. Nxe5 Rxe5 11. Nd2 Qe7 12. Rf2 Ng4 13. Nf3 Nxf2 14. Nxe5
Qxe5 15. Qxf2 c6 16. Bf4 Qe7 17. Re1 Bf5 18. e4 dxe4 19. Bxe4 Qd7 20. Bxf5 Qxf5
21. Qe3 Qd7 22. d4 a5 23. Qe7 Qc8 24. Kg2 Bf8 25. Qf6 Bg7 26. Qe7 Bf8 27. Qc7
Qxc7 28. Bxc7 a4 29. Re2 Rc8 30. Bb6 f5 31. Kf3 Kf7 32. h3 h5 33. Kf2 Bh6 34.
Bc5 Re8 35. Rxe8 Kxe8 36. c4 Kd7 37. b3 axb3 38. axb3 Ke6 1/2-1/2

[Event "Championnat de France des Jeunes - Minim"]
[Site "LE GRAND BORNAND"]
[Date "????.??.??"]
[Round "4.12"]
[White "Buscara, Lena"]
[Black "Prevost, Elisabeth"]
[Result "1-0"]
[WhiteElo "1740"]
[BlackElo "1570"]
[PlyCount "55"]

1. e4 e5 2. Nc3 Nf6 3. g3 Bc5 4. Bg2 d6 5. h3 h6 6. Nge2 O-O 7. d3 Nc6 8. Na4
Bb4+ 9. c3 Ba5 10. b4 Bb6 11. Nxb6 axb6 12. O-O Be6 13. a3 Qd7 14. Kh2 Ne7 15.
f4 Qc6 16. a4 Qe8 17. f5 Bd7 18. Be3 Rxa4 19. Rxa4 Bxa4 20. Qd2 c5 21. Bxh6 Kh7
22. Bxg7 Kxg7 23. Qg5+ Kh7 24. Qxf6 Qd8 25. Qh4+ Kg8 26. f6 Ng6 27. Qh6 Qxf6
28. Rxf6 1-0

[Event "Championnat de France des Jeunes - Minim"]
[Site "LE GRAND BORNAND"]
[Date "????.??.??"]
[Round "4.13"]
[White "Boutant, Jade"]
[Black "Garma, Jovanka"]
[Result "0-1"]
[WhiteElo "1670"]
[BlackElo "1730"]
[PlyCount "108"]

1. d4 d5 2. c4 e6 3. Nf3 Nf6 4. e3 Nbd7 5. Bd3 c6 6. O-O Bd6 7. Nc3 O-O 8. Re1
dxc4 9. Bxc4 e5 10. e4 exd4 11. Nxd4 Ne5 12. Bb3 Bc5 13. Nc2 Qxd1 14. Nxd1 Nd3
15. Re2 Bg4 16. Rd2 Rad8 17. Nc3 Nxc1 18. Rxd8 Rxd8 19. Rxc1 Rd2 20. Rf1 a6 21.
h3 Be6 22. Nb1 Re2 23. Nc3 Bxb3 24. Nxe2 Bxc2 25. Rc1 Bd3 26. Nf4 Bxf2+ 27.
Kxf2 Bxe4 28. g4 h6 29. Rc4 Kf8 30. Rb4 b5 31. a4 a5 32. Rd4 Ke7 33. axb5 cxb5
34. Ke3 Ba8 35. b3 g5 36. Nd3 Bg2 37. Nf2 Nd5+ 38. Kd2 Nf4 39. Ke3 Nxh3 40.
Nxh3 Bxh3 41. Kf3 f5 42. gxf5 Bxf5 43. Rd5 Bd7 44. Rd1 h5 45. Re1+ Kf6 46. Rc1
a4 47. bxa4 bxa4 48. Ke4 h4 49. Rf1+ Kg6 50. Ke5 h3 51. Rd1 Bb5 52. Rh1 g4 53.
Kf4 Bc6 54. Re1 h2 0-1

[Event "Championnat de France des Jeunes - Minim"]
[Site "LE GRAND BORNAND"]
[Date "????.??.??"]
[Round "4.14"]
[White "Durot, Edwige"]
[Black "Muller, Marion"]
[Result "0-1"]
[WhiteElo "1560"]
[BlackElo "1757"]
[PlyCount "58"]

1. e4 c6 2. d4 d5 3. Nd2 dxe4 4. Nxe4 Bf5 5. Ng3 Bg6 6. h4 h6 7. Nf3 Nd7 8. Bd3
Bxd3 9. Qxd3 Qc7 10. Be3 e6 11. c3 Ngf6 12. O-O Bd6 13. Ne4 Nxe4 14. Qxe4 Nf6
15. Qc2 g5 16. hxg5 hxg5 17. Bxg5 Bh2+ 18. Kh1 Bf4+ 19. Kg1 Bxg5 20. g3 Bh6 21.
Kg2 O-O-O 22. Ne5 Bg7 23. Rh1 Nd5 24. Qa4 Bxe5 25. dxe5 Qxe5 26. Qxa7 Qe4+ 27.
f3 Qe2+ 28. Kg1 Rxh1+ 29. Kxh1 Qxf3+ 0-1

[Event "Championnat de France des Jeunes - Minim"]
[Site "LE GRAND BORNAND"]
[Date "????.??.??"]
[Round "4.15"]
[White "Cappelletti, Emmanuelle"]
[Black "Juchet, Celine"]
[Result "0-1"]
[WhiteElo "1500"]
[BlackElo "1730"]
[PlyCount "82"]

1. e4 e5 2. Nf3 Nc6 3. Bc4 Bc5 4. c3 a6 5. d4 exd4 6. cxd4 Ba7 7. Nc3 b5 8. Bb3
Nge7 9. O-O O-O 10. Bg5 d6 11. h3 Re8 12. Re1 h6 13. Bh4 Bb7 14. Qd2 Qd7 15.
Rad1 Ng6 16. Bg3 Rad8 17. h4 Qg4 18. Bc2 Nb4 19. Bb3 Nc6 20. a3 Bb6 21. Bc2
Nce7 22. Kh2 f5 23. Kg1 f4 24. Nh2 Qh5 25. Bxf4 Qxh4 26. Bg3 Qf6 27. Rf1 Bc8
28. Bb3+ Kh8 29. Bc2 Nc6 30. d5 Nce5 31. Qe2 Nc4 32. Rb1 Nxa3 33. bxa3 Qxc3 34.
Rb3 Qf6 35. Rf3 Qe7 36. Rd1 Rf8 37. Rdd3 Ne5 38. Bxe5 Qxe5 39. Rxf8+ Rxf8 40.
Rf3 Re8 41. Rg3 Qxg3 0-1

[Event "Championnat de France des Jeunes - Benja"]
[Site "LE GRAND BORNAND"]
[Date "????.??.??"]
[Round "4.1"]
[White "Lagarde, Maxime"]
[Black "Velten, Paul"]
[Result "1-0"]
[WhiteElo "2202"]
[BlackElo "1999"]
[PlyCount "67"]

1. e4 e6 2. d4 d5 3. Nc3 Bb4 4. e5 c5 5. a3 Bxc3+ 6. bxc3 Qc7 7. Qg4 f5 8. Qg3
cxd4 9. cxd4 Ne7 10. c3 O-O 11. Ne2 b6 12. Nf4 Qd7 13. h4 Qe8 14. Be2 Kh8 15.
h5 Qf7 16. Ng6+ Kg8 17. Nxf8 Qxf8 18. h6 g6 19. a4 Nec6 20. Ba3 Qf7 21. Qg5 Nd7
22. Rb1 Bb7 23. O-O Rc8 24. f4 Na5 25. Bb4 Nc4 26. Bxc4 dxc4 27. a5 b5 28. a6
Be4 29. Rb2 Nb6 30. Ba5 Qd7 31. Bxb6 axb6 32. Rxb5 Bxg2 33. Qxg2 Qxb5 34. Qb7
1-0

[Event "Championnat de France des Jeunes - Benja"]
[Site "LE GRAND BORNAND"]
[Date "????.??.??"]
[Round "4.2"]
[White "Mouhamad, Joachin"]
[Black "Manoeuvre, Antoine"]
[Result "1/2-1/2"]
[WhiteElo "1886"]
[BlackElo "2051"]
[PlyCount "79"]

1. e4 e6 2. d4 d5 3. e5 c5 4. c3 Nc6 5. Nf3 Qb6 6. a3 Nh6 7. b4 cxd4 8. cxd4
Nf5 9. Bb2 h5 10. Bd3 a6 11. Bxf5 exf5 12. Nc3 Be6 13. O-O Be7 14. Rc1 g5 15.
Na4 Qd8 16. Nc5 Bxc5 17. dxc5 g4 18. Nd4 Qg5 19. f4 gxf3 20. Nxf3 Qg4 21. Qd2
Rg8 22. Rce1 h4 23. Nd4 Nxd4 24. Bxd4 Ke7 25. Rf4 Qh5 26. Qf2 h3 27. g3 Rg4 28.
Rxg4 Qxg4 29. Qf4 Rg8 30. Be3 Qh5 31. Kf2 Rg4 32. Qf3 Qg6 33. Bf4 Qg8 34. Rc1
Qe8 35. Qd3 Qc6 36. Qd4 Rg8 37. Rc3 Rc8 38. Bd2 Kd7 39. Ke1 Kc7 40. Rc1 1/2-1/2

[Event "Championnat de France des Jeunes - Benja"]
[Site "LE GRAND BORNAND"]
[Date "????.??.??"]
[Round "4.3"]
[White "Godart, Francois"]
[Black "Divine, Armand"]
[Result "1/2-1/2"]
[WhiteElo "1984"]
[BlackElo "1881"]
[PlyCount "131"]

1. d4 Nf6 2. Bg5 Ne4 3. Bh4 g5 4. f3 gxh4 5. fxe4 Bh6 6. e5 d6 7. Nf3 Nc6 8. e4
Bg4 9. Be2 Bxf3 10. Bxf3 dxe5 11. d5 Nd4 12. Bh5 Rg8 13. O-O Bf4 14. Rxf4 exf4
15. Qxd4 h3 16. Bf3 Qd6 17. e5 Qa6 18. Nc3 O-O-O 19. Ne4 Rxg2+ 20. Bxg2 Qg6 21.
Ng3 fxg3 22. Bxh3+ Kb8 23. Qg4 gxh2+ 24. Kxh2 Qxc2+ 25. Qg2 Qc5 26. Rf1 a6 27.
Rxf7 Rxd5 28. Rf8+ Ka7 29. Qf2 Qxf2+ 30. Rxf2 Rxe5 31. Kg3 Rb5 32. Bf5 h6 33.
Bb1 a5 34. Kf4 Kb6 35. Bd3 Rd5 36. Ke4 c6 37. Rf7 Rh5 38. Kd4 Rd5+ 39. Kc3 Re5
40. Rh7 Re6 41. Bc4 Re1 42. Rxh6 Rc1+ 43. Kd3 Rb1 44. Kc2 Rg1 45. Re6 Rg7 46.
Kc3 Rh7 47. Bd3 Rg7 48. b3 Rg2 49. a4 Rg7 50. Kd4 Rg4+ 51. Ke5 Rg3 52. Kd4 Rg7
53. Ke5 Rg3 54. Kd4 Rg7 55. Bg6 Kc7 56. Kc5 Kd7 57. Bf5 Kc7 58. Kd4 Rf7 59. Bg6
Rf4+ 60. Ke5 Rf3 61. Rxe7+ Kb6 62. Bc2 Rc3 63. Bd1 Rd3 64. Bc2 Rc3 65. Bd1 Rd3
66. Bc2 1/2-1/2

[Event "Championnat de France des Jeunes - Benja"]
[Site "LE GRAND BORNAND"]
[Date "2007.??.??"]
[Round "4.4"]
[White "Brest, Jean-Francois"]
[Black "Dubessay, Bastien"]
[Result "0-1"]
[WhiteElo "1850"]
[BlackElo "2131"]
[PlyCount "84"]

1. c4 g6 2. Nc3 Bg7 3. g3 Nf6 4. Bg2 O-O 5. e4 d6 6. Nge2 e5 7. O-O a5 8. d3
Na6 9. f4 c6 10. f5 b5 11. h3 b4 12. Nb1 Nc5 13. g4 Nfd7 14. g5 Re8 15. Ng3 Nb6
16. h4 d5 17. Be3 Qd6 18. cxd5 cxd5 19. Qc2 d4 20. Bc1 Ba6 21. Rf3 Nxd3 22. Bd2
Rac8 23. Qd1 Nxb2 24. Qb3 N2c4 25. fxg6 hxg6 26. a3 bxa3 27. Nxa3 Nxd2 28.
Qxf7+ Kh8 29. Rf6 Bxf6 30. Qxg6 Qf8 31. Nh5 Bg7 32. Qxb6 Be2 33. Ng3 Bf3 34.
Bh3 Nxe4 35. Nxe4 Bxe4 36. Bg2 Bxg2 37. Qg6 Qf3 38. Nc2 Qe4 39. Qh5+ Qh7 40.
Qf7 Rf8 41. Qe6 Rxc2 42. g6 Qxh4 0-1

[Event "Championnat de France des Jeunes - Benja"]
[Site "LE GRAND BORNAND"]
[Date "????.??.??"]
[Round "4.5"]
[White "Ane, Cedric"]
[Black "Fevre, Matthieu"]
[Result "1/2-1/2"]
[WhiteElo "1851"]
[BlackElo "1968"]
[PlyCount "120"]

1. e4 c5 2. Nf3 d6 3. d4 cxd4 4. Nxd4 Nf6 5. Nc3 g6 6. Be2 Bg7 7. O-O O-O 8.
Kh1 Nc6 9. Nb3 a6 10. a4 Be6 11. f4 Rc8 12. g4 Nd7 13. Qe1 f5 14. gxf5 gxf5 15.
Rg1 Kh8 16. Qh4 fxe4 17. Nxe4 Nf6 18. Nc3 Bf5 19. Qg5 Ne8 20. Bh5 e6 21. Qg3
Qf6 22. Qf2 Nd4 23. Nxd4 Qxd4 24. Qe2 Qf6 25. Be3 Qh6 26. Bf3 Rc7 27. Rad1 Qf6
28. Rg3 Rg8 29. Rdg1 Rc8 30. Bb6 Qf7 31. Bh5 Qd7 32. Bd4 Nf6 33. Bf3 Rcf8 34.
Qg2 Qf7 35. a5 Bg6 36. Bxb7 d5 37. Re1 Qxb7 38. Rxe6 Qd7 39. f5 Bxf5 40. Rxf6
Rxf6 41. Bxf6 Qf7 42. Bxg7+ Rxg7 43. Rxg7 Qxg7 44. Qxg7+ Kxg7 45. Nxd5 Be4+ 46.
Kg1 Bxd5 47. Kf2 Kf6 48. b3 Ke5 49. Ke3 Be4 50. c4 Bb1 51. b4 Bc2 52. b5 axb5
53. cxb5 Ba4 54. b6 Kd6 55. Kf4 Kc6 56. Kg5 Kb7 57. Kh6 Bc2 58. h3 Ka6 59. h4
Be4 60. h5 Bc2 1/2-1/2

[Event "Championnat de France des Jeunes - Benja"]
[Site "LE GRAND BORNAND"]
[Date "2007.??.??"]
[Round "4.6"]
[White "Song, Julien"]
[Black "Hajage, Samuel"]
[Result "1-0"]
[WhiteElo "1957"]
[BlackElo "1907"]
[PlyCount "47"]

1. d4 d5 2. Nf3 Nf6 3. c4 c6 4. Nc3 e6 5. Bg5 h6 6. Bxf6 Qxf6 7. Qc2 Nd7 8. e3
Qd8 9. Bd3 dxc4 10. Bxc4 b5 11. Bd3 Bb7 12. O-O Be7 13. Ne4 Qb6 14. Rac1 Rc8
15. Nc5 Nxc5 16. dxc5 Qc7 17. Bh7 b4 18. Rfd1 Bf6 19. Rd6 Ke7 20. Rcd1 g6 21.
Bxg6 fxg6 22. Qe4 e5 23. Nxe5 Rhd8 24. Nd7+ 1-0

[Event "Championnat de France des Jeunes - Benja"]
[Site "LE GRAND BORNAND"]
[Date "????.??.??"]
[Round "4.7"]
[White "Coustance, Kevin"]
[Black "Kirk, Eden"]
[Result "1-0"]
[WhiteElo "1953"]
[BlackElo "1879"]
[PlyCount "61"]

1. e4 c5 2. d4 cxd4 3. c3 dxc3 4. Nxc3 d6 5. Bc4 e6 6. Nf3 Nf6 7. O-O Be7 8.
Qe2 O-O 9. Rd1 e5 10. Nxe5 Qa5 11. Nf3 a6 12. h3 Nc6 13. Bf4 Ne5 14. Bxe5 dxe5
15. Nd5 Nxd5 16. Bxd5 Bf6 17. Qc4 b5 18. Qc5 Rb8 19. Rac1 Bb7 20. b4 Qa4 21.
Bb3 Qa3 22. Rc3 Qb2 23. Rc2 Qa3 24. Rd7 h6 25. Rxf7 Rxf7 26. Bxf7+ Kh7 27. Qa7
Rc8 28. Rxc8 Bxc8 29. Qc5 Bxh3 30. Qf8 Qc1+ 31. Kh2 1-0

[Event "Championnat de France des Jeunes - Benja"]
[Site "LE GRAND BORNAND"]
[Date "2007.??.??"]
[Round "4.8"]
[White "Grandadam, Nicolas"]
[Black "Di Nicolantonio, Lucas"]
[Result "1-0"]
[WhiteElo "2041"]
[BlackElo "1815"]
[PlyCount "75"]

1. d4 d5 2. c4 dxc4 3. e4 Nf6 4. Nc3 e5 5. d5 Bb4 6. Qa4+ Nc6 7. dxc6 Bxc3+ 8.
bxc3 O-O 9. Bg5 Qd6 10. Bxf6 Qxf6 11. Nf3 Bg4 12. Be2 Qg6 13. Qxc4 b5 14. Qd3
Rfd8 15. Qe3 Qh5 16. Nd2 Bxe2 17. Qxe2 Qg6 18. O-O Qxc6 19. Rac1 Qh6 20. Rfd1
Rd6 21. Nf3 Rad8 22. Rb1 a6 23. Rxd6 Qxd6 24. Kf1 g6 25. Ke1 Qc6 26. Qc2 f6 27.
Rd1 Rd6 28. Rxd6 cxd6 29. Qd3 Kg7 30. Nd2 a5 31. Nf1 Qc5 32. Ne3 b4 33. Nd5
bxc3 34. Qxc3 f5 35. Qxc5 dxc5 36. f3 Kf7 37. Kd2 Ke6 38. Ke3 1-0